Indikátor pravdy stavu ekonomiky

Príčiny súčasného stavu nezamestnanosti. Zásahy štátu do ekonomického a sociálneho života krajiny. Ciele Európskej komisie v oblasti zníženie nezamestnanosti.

Guardado en:
Detalles Bibliográficos
Autor principal: Rievajová, Eva
Formato: Libro
Lenguaje:eslovaco
Materias:
Etiquetas: Agregar Etiqueta
Sin Etiquetas, Sea el primero en etiquetar este registro!

MARC

LEADER 00000nam a2200000 4500
001 r030439
005 20230824094526.4
041 0 |a slo 
044 |a SK 
245 1 0 |a Indikátor pravdy stavu ekonomiky  |c Eva Rievajová 
520 |a Príčiny súčasného stavu nezamestnanosti. Zásahy štátu do ekonomického a sociálneho života krajiny. Ciele Európskej komisie v oblasti zníženie nezamestnanosti. 
610 2 0 |a nezamestnanosť 
610 2 0 |a zamestnanosť 
610 2 0 |a Európska únia 
610 2 0 |a produktivita práce 
610 2 0 |a krajiny vyspelé 
610 2 0 |a rozvoj hospodársky 
100 1 |a Rievajová, Eva